000 00298nam a2200133Ia 4500
005 20251222154403.0
008 251222s9999||||xx |||||||||||||| ||spa||
020 _a84-8280-997-0
082 _a891.73/G74
100 _aGorki, Máximo
245 0 _aLa Madre
264 _bOveja Negra
942 _cLIB
999 _c35355
_d35355